[Event "Aeroflot Open B 2015"]
[Site "Moscow RUS"]
[Date "2015.03.28"]
[Round "2.5"]
[White "Munguntuul, Batkhuyag"]
[Black "Khusnutdinov, Rustam"]
[Result "1/2-1/2"]
[WhiteTitle "IM"]
[BlackTitle "GM"]
[WhiteElo "2426"]
[BlackElo "2490"]
[WhiteFideId "4900758"]
[BlackFideId "13701703"]
[EventDate "2015.03.27"]

1. e4 e6 2. d4 d5 3. exd5 exd5 4. Nf3 Nc6 5. Bb5 Bd6 6. O-O Ne7 7. Bg5 f6 8. Bh4
O-O 9. c3 a6 10. Bd3 Bf5 11. Qc2 Qd7 12. Nbd2 Bxd3 13. Qxd3 Qf5 14. Qxf5 Nxf5 1/2-1/2

[Event "Aeroflot Open B 2015"]
[Site "Moscow RUS"]
[Date "2015.03.31"]
[Round "5.33"]
[White "Savenkov, Konstantin"]
[Black "Kazimova, Narmin"]
[Result "1/2-1/2"]
[WhiteTitle "FM"]
[BlackTitle "WGM"]
[WhiteElo "2331"]
[BlackElo "2262"]
[WhiteFideId "4138600"]
[BlackFideId "13402951"]
[EventDate "2015.03.27"]

1. e4 c5 2. Nc3 Nc6 3. g3 g6 4. Bg2 Bg7 5. Nge2 e6 6. d3 d6 7. Be3 Nd4 8. O-O
Ne7 9. Rb1 Rb8 10. a3 O-O 11. b4 b5 12. f4 cxb4 13. axb4 Nec6 14. Qd2 Qc7 15.
Kh1 Bd7 16. g4 a5 17. f5 axb4 18. Nxd4 bxc3 19. Qf2 exf5 20. exf5 Bxd4 21. Bxd4
Nxd4 22. Qxd4 Bc6 23. f6 Qb7 24. Rf2 Bxg2+ 25. Rxg2 Rfe8 26. Qxd6 Re6 27. Qf4
Rbe8 28. Rg1 Qc6 29. Rf1 Re2 30. Qf3 Qxf3 31. Rxf3 h6 32. h4 b4 33. Rff2 Rxf2
34. Rxf2 Re1+ 35. Kg2 Kh7 36. Kf3 Rh1 37. Kg3 g5 38. h5 Rb1 39. Re2 Rf1 40. d4
Rxf6 41. Re7 Rf4 42. d5 Kg7 43. Rb7 Kf6 44. Rb6+ Kg7 45. d6 Rd4 46. Kf3 Rd2 47.
Rxb4 Rxc2 48. d7 Rd2 49. Rc4 Rxd7 50. Rxc3 Rd4 51. Rc7 Rd3+ 52. Kg2 Re3 53. Ra7
Kf6 54. Ra6+ Re6 55. Ra5 Rd6 56. Kf3 Rd3+ 57. Kg2 Ke6 58. Ra6+ Rd6 59. Ra5 f6
60. Kg3 Rd3+ 61. Kg2 Rd5 62. Ra6+ Ke5 63. Kf3 Rd3+ 64. Kg2 Rd6 65. Ra5+ Ke4 66.
Rf5 Re6 67. Kg3 Kd4 68. Kf3 Re3+ 69. Kf2 Re6 70. Kf3 1/2-1/2

[Event "Aeroflot Open B 2015"]
[Site "Moscow RUS"]
[Date "2015.04.01"]
[Round "6.6"]
[White "Paravyan, David"]
[Black "Kovalev, Vladislav"]
[Result "0-1"]
[WhiteTitle "IM"]
[BlackTitle "GM"]
[WhiteElo "2436"]
[BlackElo "2531"]
[WhiteFideId "4194985"]
[BlackFideId "13504398"]
[EventDate "2015.03.27"]

1. e4 e5 2. Nf3 Nc6 3. Bb5 Nf6 4. O-O Nxe4 5. d4 Nd6 6. Bxc6 dxc6 7. dxe5 Nf5 8.
Qxd8+ Kxd8 9. h3 Bd7 10. Rd1 Kc8 11. g4 Ne7 12. Ng5 Be8 13. f4 h5 14. Kf2 hxg4
15. hxg4 b6 16. c4 Ng6 17. Nf3 Bc5+ 18. Kg3 f5 19. exf6 gxf6 20. f5 Ne7 21. Bf4
Kb7 22. Nbd2 Bh5 23. Rh1 Rag8 24. Ng5 Bd4 25. Rae1 Nxf5+ 26. gxf5 Bxb2 27. Re7
Ka6 28. Ne4 fxg5 29. Be5 Bxe5+ 30. Rxe5 Bf7 31. Rxh8 Rxh8 32. Nxg5 Bxc4 33. a3
b5 34. Kf4 Kb6 35. f6 a5 36. f7 Rf8 37. Re8 Rxf7+ 38. Nxf7 Bxf7 39. Rb8+ Kc5 40.
Rb7 Kd4 41. Rxc7 Bd5 0-1

[Event "Aeroflot Open B 2015"]
[Site "Moscow RUS"]
[Date "2015.04.01"]
[Round "6.23"]
[White "Pasiev, Rakhim"]
[Black "Abhishek, Kelkar"]
[Result "1-0"]
[WhiteTitle "IM"]
[WhiteElo "2400"]
[BlackElo "2343"]
[WhiteFideId "24122475"]
[BlackFideId "5019257"]
[EventDate "2015.03.27"]

1. d4 Nf6 2. Nc3 d5 3. Bf4 c6 4. e3 Bf5 5. Bd3 e6 6. f3 Bb4 7. Ne2 Nbd7 8. a3
Ba5 9. Bxf5 exf5 10. Qd3 g6 11. O-O-O Qe7 12. h3 O-O-O 13. g4 fxg4 14. hxg4 Rde8
15. Ng3 Bc7 16. Bxc7 Kxc7 17. e4 dxe4 18. Ngxe4 Kb8 19. Kb1 h5 20. d5 cxd5 21.
Nxd5 Nxd5 22. Qxd5 Nf6 23. Nxf6 Qxf6 24. gxh5 Rd8 25. Qb3 Rxh5 26. Rxd8+ Qxd8
27. Re1 Rd5 28. Ka2 a6 29. Re4 Rf5 30. Qe3 Qd5+ 31. c4 Qc5 32. Qd3 a5 33. f4 Ka7
34. Qc3 Qb6 35. Re8 Qc5 36. Re4 Qb6 37. Qd2 Qc6 38. Rd4 Qb6 39. Qd3 Qc5 40. Qe4
Qc6 41. Qe3 Qb6 42. Qd2 Qc6 43. Qd3 Qc5 44. Re4 Qb6 45. Qc3 Qc6 46. Rd4 Qb6 47.
Rd5 Rh5 48. Qd2 Qc7 49. Qd4+ Qb6 50. Qc3 Qc7 51. Qd4+ Qb6 52. Qd2 Qc7 53. Qe3+
Qb6 54. Qd3 Qc7 55. Qe4 Qc6 56. Qe3+ Qb6 57. Qd3 Qc7 58. b4 axb4 59. axb4 Qe7
60. Kb3 Qe1 1-0

[Event "Aeroflot Open B 2015"]
[Site "Moscow RUS"]
[Date "2015.04.01"]
[Round "6.26"]
[White "Guliyev, Namig"]
[Black "Savenkov, Konstantin"]
[Result "1-0"]
[WhiteTitle "GM"]
[BlackTitle "FM"]
[WhiteElo "2539"]
[BlackElo "2331"]
[WhiteFideId "13400363"]
[BlackFideId "4138600"]
[EventDate "2015.03.27"]

1. e4 e5 2. Nf3 Nc6 3. Bb5 a6 4. Ba4 d6 5. O-O Bd7 6. c3 Nge7 7. d4 Ng6 8. d5
Nb8 9. c4 Be7 10. Nc3 h6 11. Be3 Bg5 12. Qd2 Bf4 13. b4 O-O 14. c5 Bg4 15. Ne1
Qg5 16. g3 Bh3 17. Ng2 a5 18. a3 axb4 19. axb4 dxc5 20. bxc5 Ra6 21. Qe2 h5 22.
Rfb1 h4 23. Rxb7 Rf6 24. Bd1 hxg3 25. hxg3 Bxg2 26. Kxg2 Nh4+ 27. Kg1 Rh6 28.
Ra8 Nd7 29. Rxf8+ Nxf8 30. Rb8 Ng6 31. d6 cxd6 32. c6 Rh8 33. c7 Qh6 34. Qh5 1-0

[Event "Aeroflot Open B 2015"]
[Site "Moscow RUS"]
[Date "2015.04.02"]
[Round "7.35"]
[White "Yeletsky, Ivan"]
[Black "Gurvich, Vitaly"]
[Result "1-0"]
[WhiteTitle "FM"]
[WhiteElo "2312"]
[BlackElo "2247"]
[WhiteFideId "24180327"]
[BlackFideId "24164852"]
[EventDate "2015.03.27"]

1. e4 c5 2. Nf3 d6 3. d4 cxd4 4. Nxd4 Nf6 5. Nc3 a6 6. h3 e6 7. g4 b5 8. Bg2 Bb7
9. O-O Nfd7 10. f4 Nb6 11. a4 bxa4 12. Nxa4 N8d7 13. Nc3 Rc8 14. f5 e5 15. Nb3
Nc4 16. Nd5 Ndb6 17. f6 Nxd5 18. fxg7 Bxg7 19. exd5 Qb6+ 20. Kh1 Qb5 21. Qf3 O-O
22. Rd1 Qd7 23. Qe2 Qb5 24. Qf2 a5 25. Qf5 f6 26. Be4 Rf7 27. Qxh7+ Kf8 28. Bh6
Bxh6 29. Qxh6+ Ke7 30. g5 Rg8 31. gxf6+ Kd8 32. Qh5 Rxf6 33. Qh4 Rf8 34. Rf1 Ke7
35. Rxf6 Rxf6 36. Rf1 Bxd5 37. Qxf6+ Kd7 38. Bxd5 Qxd5+ 39. Qf3 1-0

[Event "Aeroflot Open B 2015"]
[Site "Moscow RUS"]
[Date "2015.04.04"]
[Round "9.1"]
[White "Neelotpal, Das"]
[Black "Kovalev, Vladislav"]
[Result "1/2-1/2"]
[WhiteTitle "GM"]
[BlackTitle "GM"]
[WhiteElo "2446"]
[BlackElo "2531"]
[WhiteFideId "5003512"]
[BlackFideId "13504398"]
[EventDate "2015.03.27"]

1. e4 e5 2. Nf3 Nc6 3. Bb5 Nf6 4. d3 Bc5 5. Bxc6 dxc6 6. Nbd2 Nd7 7. Nc4 Qe7 8.
O-O f6 9. Kh1 Nf8 10. d4 exd4 11. Nxd4 Ng6 12. Nb3 O-O 13. Nxc5 Qxc5 14. b3 1/2-1/2

[Event "Aeroflot Open B 2015"]
[Site "Moscow RUS"]
[Date "2015.04.04"]
[Round "9.2"]
[White "Kotanjian, Tigran"]
[Black "Sarana, Alexey"]
[Result "1/2-1/2"]
[WhiteTitle "GM"]
[WhiteElo "2482"]
[BlackElo "2419"]
[WhiteFideId "13301250"]
[BlackFideId "24133795"]
[EventDate "2015.03.27"]

1. c4 Nf6 2. g3 e5 3. Bg2 Nc6 4. Nc3 Bb4 5. Nd5 Bc5 6. e3 O-O 7. Ne2 Nxd5 8.
cxd5 Ne7 9. O-O d6 10. d4 exd4 11. Nxd4 Bd7 12. b3 c6 13. dxc6 bxc6 14. Bb2 Qb6
15. Ne2 Qa6 16. Nc3 Ba3 17. Na4 Bxb2 18. Nxb2 d5 19. Na4 Qc8 20. Re1 Bh3 21. Bh1
Rd8 22. Rc1 Qe6 23. Nc5 Qf6 24. Qd2 h5 25. Nd3 h4 26. Nf4 Bf5 27. Qc3 hxg3 28.
hxg3 Qxc3 29. Rxc3 a5 30. Ne2 Rdb8 31. Nd4 Bd7 32. a4 Rb4 33. Rec1 Kf8 34. Bf3
Ke8 35. Kg2 Kd8 36. Rc5 f6 37. g4 Ke8 38. Kg3 Kf7 39. Rh1 Rb6 40. Rhc1 g6 41.
Bd1 Rbb8 42. f4 Ra7 43. Bc2 Raa8 44. Rh1 Kg7 45. f5 gxf5 46. Bxf5 Bxf5 47. gxf5
Rh8 48. Rxh8 Kxh8 49. Kf4 Ra6 50. e4 dxe4 51. Kxe4 Kg7 52. Ne6+ Kf7 53. Nd8+ Ke8
54. Nb7 Kd7 55. Nxa5 Ra8 56. Nc4 Rh8 57. a5 Rh4+ 58. Kd3 Nd5 59. Ke2 Rh2+ 60.
Kf3 Rh3+ 61. Kg4 Rxb3 62. a6 Nc7 63. a7 Rb7 1/2-1/2

[Event "Aeroflot Open B 2015"]
[Site "Moscow RUS"]
[Date "2015.04.04"]
[Round "9.3"]
[White "Abdulov, Orkhan"]
[Black "Lin, Chen"]
[Result "1-0"]
[WhiteTitle "IM"]
[BlackTitle "IM"]
[WhiteElo "2337"]
[BlackElo "2448"]
[WhiteFideId "13402714"]
[BlackFideId "8602298"]
[EventDate "2015.03.27"]

1. e4 c5 2. Nf3 e6 3. d4 cxd4 4. Nxd4 Nc6 5. Nc3 Qc7 6. Be3 a6 7. a3 Nf6 8. Be2
Be7 9. O-O O-O 10. Kh1 d6 11. f4 Re8 12. Qe1 Nxd4 13. Bxd4 e5 14. Be3 exf4 15.
Bxf4 Be6 16. Rd1 Nd7 17. Qf2 Bf8 18. Rd2 Rac8 19. Qd4 Ne5 20. Nd5 Bxd5 21. Qxd5
Re6 22. Bxe5 Rxe5 23. Qd3 Qe7 24. Qh3 Rc7 25. Bd3 g6 26. Rdf2 Bg7 27. Qf3 h5 28.
c3 Qe6 29. Bc2 Rb5 30. Ba4 Rg5 31. Qd1 Qxe4 32. Qxd6 Re7 33. Bd1 Kh7 34. Re2 Rf5
35. Rfe1 Re6 36. Qb8 Qc6 37. Rxe6 fxe6 38. Bc2 Rf2 39. Bxg6+ Kh6 40. Qg3 Rxb2
41. Bd3 1-0

[Event "Aeroflot Open B 2015"]
[Site "Moscow RUS"]
[Date "2015.04.04"]
[Round "9.4"]
[White "Yudin, Sergei"]
[Black "Potapov, Pavel"]
[Result "1/2-1/2"]
[WhiteTitle "GM"]
[BlackTitle "IM"]
[WhiteElo "2534"]
[BlackElo "2471"]
[WhiteFideId "4159659"]
[BlackFideId "4169786"]
[EventDate "2015.03.27"]

1. d4 d5 2. c4 c6 3. cxd5 cxd5 4. Nc3 Nc6 5. Nf3 Nf6 6. Bf4 a6 7. e3 e6 8. Bd3
Bd6 9. Bxd6 Qxd6 10. O-O O-O 11. a3 Bd7 12. Rc1 1/2-1/2

[Event "Aeroflot Open B 2015"]
[Site "Moscow RUS"]
[Date "2015.04.04"]
[Round "9.5"]
[White "Evdokimov, Alexander A."]
[Black "Baghdasaryan, Vahe"]
[Result "0-1"]
[WhiteTitle "GM"]
[BlackTitle "IM"]
[WhiteElo "2505"]
[BlackElo "2400"]
[WhiteFideId "4139275"]
[BlackFideId "13303139"]
[EventDate "2015.03.27"]

1. Nf3 Nf6 2. c4 c5 3. g3 g6 4. Bg2 Bg7 5. O-O O-O 6. d4 d6 7. Nc3 Nc6 8. dxc5
dxc5 9. Be3 Qa5 10. Qa4 Qxa4 11. Nxa4 b6 12. Rad1 Bf5 13. Nc3 Rad8 14. Nh4 Na5
15. Nxf5 gxf5 16. b3 Ng4 17. Nb5 a6 18. Nc7 Nxe3 19. fxe3 e6 20. Nxa6 Be5 21.
Rd3 Rxd3 22. exd3 Rd8 23. Rd1 Rd7 24. Bf3 Bc3 25. d4 cxd4 26. exd4 Bxd4+ 27. Kf1
e5 28. Nb4 e4 29. Bg2 Rd6 30. Nd5 Nc6 31. Bh3 Bc5 32. Bxf5 e3 33. Bg4 f5 34. Bf3
Nd4 35. Rxd4 Bxd4 36. Ne7+ Kf8 37. Nxf5 Rd7 38. Bd5 Bc5 39. a4 b5 40. Ke2 bxa4
41. bxa4 Ra7 42. Bc6 Ra6 43. Bb5 Rf6 44. g4 Re6 45. Nh4 Re4 46. h3 Rf4 47. Nf3
h6 48. Ba6 Ke8 49. a5 Kd8 50. Bb7 Rxc4 51. a6 Ra4 52. g5 hxg5 53. Nxg5 Ra2+ 54.
Kd3 Rd2+ 55. Kc3 Bd4+ 56. Kc4 e2 57. Nf3 Ba7 58. Nxd2 e1=Q 0-1

[Event "Aeroflot Open B 2015"]
[Site "Moscow RUS"]
[Date "2015.04.04"]
[Round "9.6"]
[White "Kharchenko, Boris"]
[Black "Badmatsyrenov, Oleg"]
[Result "1-0"]
[WhiteTitle "GM"]
[BlackTitle "IM"]
[WhiteElo "2514"]
[BlackElo "2468"]
[WhiteFideId "14113210"]
[BlackFideId "24115762"]
[EventDate "2015.03.27"]

1. e4 g6 2. d4 Bg7 3. Nf3 d6 4. Nc3 a6 5. a4 Nf6 6. Be2 O-O 7. O-O Nbd7 8. e5
Ne8 9. Bf4 c6 10. Qd2 Nb6 11. a5 Nd5 12. Nxd5 cxd5 13. Qb4 f6 14. exd6 Nxd6 15.
Bxd6 Qxd6 16. Qxd6 exd6 17. Ne1 Bf5 18. Bd3 Bxd3 19. Nxd3 Rfe8 20. c3 Re2 21.
Rfe1 Rd2 22. Rad1 Rc2 23. Rc1 Rxc1 24. Nxc1 Kf7 25. Nd3 Re8 26. Rxe8 Kxe8 27.
Kf1 Kd7 28. Nb4 f5 29. Nxd5 Kc6 30. Ne3 Kb5 31. Ke2 f4 32. Nd5 Kxa5 33. Kd3 Ka4
34. Kc2 g5 35. f3 Kb5 36. Kd3 a5 37. b3 Kc6 38. c4 h6 39. Nc3 Bh8 40. h3 Bg7 41.
h4 gxh4 42. Nd5 b5 43. Nxf4 bxc4+ 44. Kxc4 h5 45. Nd5 Bh6 46. f4 Bg7 47. Ne7+
Kd7 48. Nf5 Bf6 49. Kd5 Bd8 50. Nxd6 Bc7 51. Nc4 Bxf4 52. Nxa5 Ke7 53. Nc4 Kf6
54. Ke4 Kg5 55. Ne5 Bc1 56. b4 h3 57. gxh3 Kh4 58. b5 Ba3 59. b6 Bd6 60. Nc4 Bb8 1-0

[Event "Aeroflot Open B 2015"]
[Site "Moscow RUS"]
[Date "2015.04.04"]
[Round "9.7"]
[White "Gordievsky, Dmitry"]
[Black "Khusnutdinov, Rustam"]
[Result "1/2-1/2"]
[WhiteTitle "FM"]
[BlackTitle "GM"]
[WhiteElo "2472"]
[BlackElo "2490"]
[WhiteFideId "24112798"]
[BlackFideId "13701703"]
[EventDate "2015.03.27"]

1. d4 Nf6 2. c4 g6 3. Nc3 d5 4. Nf3 Bg7 5. Bf4 O-O 6. Rc1 c5 7. dxc5 Be6 8. Nd4
Nc6 9. Nxe6 fxe6 10. e3 Qa5 11. Be2 Rad8 12. Qa4 Qxc5 13. Qb5 Qxb5 14. cxb5 Nb8
15. O-O Nbd7 16. Rfd1 Rc8 17. Bg3 Nb6 1/2-1/2

[Event "Aeroflot Open B 2015"]
[Site "Moscow RUS"]
[Date "2015.04.04"]
[Round "9.9"]
[White "Paravyan, David"]
[Black "Firat, Burak"]
[Result "1/2-1/2"]
[WhiteTitle "IM"]
[BlackTitle "IM"]
[WhiteElo "2436"]
[BlackElo "2478"]
[WhiteFideId "4194985"]
[BlackFideId "6305881"]
[EventDate "2015.03.27"]

1. f4 c5 2. Nf3 Nc6 3. g3 g6 4. Bg2 Bg7 5. O-O d6 6. e4 Nf6 7. d3 O-O 8. h3 c4
9. Nc3 cxd3 10. cxd3 b5 11. Be3 b4 12. Nd5 Nh5 13. Rc1 e6 14. Rxc6 exd5 15. g4
Bb7 16. exd5 Bxc6 17. dxc6 Nf6 18. Nd4 Qa5 19. Qb3 d5 20. Rc1 Ne8 21. Nc2 Rb8
22. a3 Qc7 23. axb4 Qxc6 24. Bxd5 Qd6 25. Bg2 Nc7 26. Bxa7 Ne6 27. Bxb8 Rxb8 28.
Qd5 Qxd5 29. Bxd5 Nxf4 30. Bf3 Rc8 31. Bd1 Nxh3+ 32. Kf1 Nf4 33. Rb1 Nxd3 34. b5
Nxb2 35. Nb4 Nc4 36. Nd5 Rd8 37. Ne7+ Kf8 38. Nc6 Nd2+ 39. Ke1 Nxb1 40. Nxd8 Ke7
41. Nc6+ Kd6 42. Nd8 Ke7 43. Nc6+ Kd7 44. Bf3 Kc7 45. Bd5 f6 46. Nd4 Kb6 47. Bg8
h5 48. gxh5 gxh5 49. Nf5 Bf8 50. Bf7 Kxb5 51. Bxh5 Nc3 52. Bf3 Kc4 53. Kf2 Na4
54. Ng3 Kd4 55. Bg4 Ke5 56. Bd1 Bc5+ 57. Kf3 Nb6 58. Bc2 Nd7 59. Bf5 Nf8 60. Kg4
Ne6 61. Bxe6 Kxe6 62. Kf3 Be3 63. Kxe3 Kd6 64. Kf4 Ke6 65. Nh5 Kd6 66. Nxf6 1/2-1/2

[Event "Aeroflot Open B 2015"]
[Site "Moscow RUS"]
[Date "2015.04.04"]
[Round "9.10"]
[White "Bortnyk, Olexandr"]
[Black "Yilmazyerli, Mert"]
[Result "1-0"]
[WhiteTitle "IM"]
[BlackTitle "IM"]
[WhiteElo "2543"]
[BlackElo "2464"]
[WhiteFideId "14120828"]
[BlackFideId "6305962"]
[EventDate "2015.03.27"]

1. e4 g6 2. d4 Bg7 3. Nc3 d6 4. Bg5 a6 5. a4 Nf6 6. f4 O-O 7. Nf3 Nc6 8. Be2 Bg4
9. O-O Nd7 10. e5 f6 11. exf6 exf6 12. Bh4 Ne7 13. h3 Be6 14. g4 Bf7 15. Qd2 Re8
16. Rae1 c6 17. Ne4 Qc7 18. Bd3 c5 19. c3 Rad8 20. f5 gxf5 21. gxf5 Nxf5 22.
Nxf6+ Nxf6 23. Bxf5 Rxe1 24. Nxe1 Bc4 25. Rf4 Kh8 26. d5 b5 27. Be6 Rf8 28. Nf3
Bh6 29. Rxf6 Bxd2 30. Rxf8+ Kg7 31. Rg8+ Kh6 32. Nxd2 1-0

[Event "Aeroflot Open B 2015"]
[Site "Moscow RUS"]
[Date "2015.04.04"]
[Round "9.11"]
[White "Rozum, Ivan"]
[Black "Petrosian, Davit G."]
[Result "1/2-1/2"]
[WhiteTitle "GM"]
[BlackTitle "GM"]
[WhiteElo "2545"]
[BlackElo "2382"]
[WhiteFideId "24104272"]
[BlackFideId "13301349"]
[EventDate "2015.03.27"]

1. d4 Nf6 2. c4 g6 3. Nc3 Bg7 4. e4 d6 5. Be2 O-O 6. Bg5 c5 7. d5 h6 8. Bf4 e6
9. dxe6 Bxe6 10. Qd2 Qa5 11. Nf3 Nc6 12. O-O g5 13. Bg3 Nh5 14. Rfd1 Nxg3 15.
hxg3 a6 16. Bd3 1/2-1/2

[Event "Aeroflot Open B 2015"]
[Site "Moscow RUS"]
[Date "2015.04.04"]
[Round "9.12"]
[White "Petrosyan, Manuel"]
[Black "Guliyev, Namig"]
[Result "1/2-1/2"]
[WhiteTitle "IM"]
[BlackTitle "GM"]
[WhiteElo "2427"]
[BlackElo "2539"]
[WhiteFideId "13300857"]
[BlackFideId "13400363"]
[EventDate "2015.03.27"]

1. Nf3 d5 2. g3 c6 3. Bg2 Bg4 4. O-O Nd7 5. d4 Ngf6 6. Nbd2 e6 7. Re1 Be7 8. e4
O-O 9. c3 b5 10. Qe2 a6 11. a4 Nb6 12. exd5 Nfxd5 13. a5 Nd7 14. Ne4 Qc7 15. b3
N7f6 16. Bd2 Rad8 17. b4 Rfe8 18. Qf1 Nxe4 19. Rxe4 Bf5 20. Ree1 Bf6 21. Rac1
Ne7 22. Bf4 Qd7 1/2-1/2

[Event "Aeroflot Open B 2015"]
[Site "Moscow RUS"]
[Date "2015.04.04"]
[Round "9.13"]
[White "Sivuk, Vitaly"]
[Black "Lorparizangeneh, Shahin"]
[Result "1/2-1/2"]
[WhiteTitle "GM"]
[BlackTitle "FM"]
[WhiteElo "2527"]
[BlackElo "2319"]
[WhiteFideId "14116502"]
[BlackFideId "12521604"]
[EventDate "2015.03.27"]

1. d4 Nf6 2. Bg5 d5 3. e3 c5 4. Nf3 Nc6 5. Bxf6 gxf6 6. dxc5 e5 7. c4 d4 8. exd4
e4 9. Nfd2 Qxd4 10. Nc3 f5 11. Nb3 Qe5 12. Qd5 Be6 13. Qxe5 Nxe5 14. Rd1 Rc8 15.
Nb5 a6 16. Nd6+ Bxd6 17. Rxd6 Ke7 18. Rb6 Rc7 19. Na5 Rb8 20. b4 Nd7 21. Rd6
Nxc5 22. bxc5 Rxc5 23. Rxe6+ fxe6 24. Nb3 Rc7 25. a4 b5 26. axb5 axb5 27. cxb5
Rd8 28. h4 Rc2 29. Rh3 f4 30. Be2 f3 31. gxf3 Rc3 32. Bd1 exf3 33. Na5 Rd5 34.
Nc6+ Kd6 35. Bxf3 Rxb5 36. Nd4 Rb4 37. Ne2 Rc2 38. Kf1 Rb1+ 39. Kg2 Rbb2 40. Nf4
Rxf2+ 41. Kg3 Rfd2 42. Rh1 e5 43. Nh3 Rb3 44. Nf2 Rd4 45. Kg2 Rf4 46. Rd1+ Ke7
47. Nd3 Rd4 48. Nxe5 Rxd1 49. Bxd1 Re3 50. Nf3 Rxf3 1/2-1/2

[Event "Aeroflot Open B 2015"]
[Site "Moscow RUS"]
[Date "2015.04.04"]
[Round "9.15"]
[White "Yuffa, Daniil"]
[Black "Utegaliyev, Azamat"]
[Result "0-1"]
[WhiteTitle "IM"]
[WhiteElo "2471"]
[BlackElo "2431"]
[WhiteFideId "24131423"]
[BlackFideId "13702467"]
[EventDate "2015.03.27"]

1. c4 Nf6 2. Nc3 g6 3. g3 Bg7 4. Bg2 O-O 5. Nf3 d6 6. O-O Nc6 7. Rb1 e5 8. d3 h6
9. b4 Be6 10. b5 Ne7 11. a4 Qd7 12. Ba3 Bh3 13. c5 Bxg2 14. Kxg2 Rad8 15. cxd6
cxd6 16. Rc1 Qe6 17. Ne4 Nfd5 18. Ned2 f5 19. e4 Nf6 20. Qb3 Qxb3 21. Nxb3 Rd7
22. Nfd2 Rfd8 23. Rc2 b6 24. a5 Kf7 25. axb6 axb6 26. Bb4 Ra7 27. Rfc1 Ra4 28.
Rc4 Ne8 29. Bc3 Ra2 30. Bb4 Ra4 31. R1c2 Rd7 32. Bc3 Ra3 33. Bb2 Ra2 34. Nc1 Ra5
35. Rb4 Nc7 36. Nc4 Rxb5 37. Na2 Rxb4 38. Nxb4 Nc8 39. Ne3 Ne7 40. Bc1 b5 41.
Ra2 Ne6 42. Ned5 Nc5 43. f3 Nxd5 44. exd5 e4 45. dxe4 fxe4 46. Ra8 Nd3 47. Ba3
Ne1+ 48. Kf2 Nxf3 49. Nc6 Nxh2 50. Nd8+ Kf6 51. Ne6 Ng4+ 52. Ke2 Kf5 53. Nxg7+
Rxg7 54. Rf8+ Kg5 55. Bxd6 Rd7 56. Bf4+ Kh5 57. Re8 g5 58. Bb8 Nf6 59. Re6 Nxd5
60. g4+ Kxg4 0-1

[Event "Aeroflot Open B 2015"]
[Site "Moscow RUS"]
[Date "2015.04.04"]
[Round "9.17"]
[White "Demianjuk, Alexander"]
[Black "Krapivin, Alexander"]
[Result "1/2-1/2"]
[BlackTitle "GM"]
[WhiteElo "2340"]
[BlackElo "2436"]
[WhiteFideId "4134249"]
[BlackFideId "4154720"]
[EventDate "2015.03.27"]

1. d4 d5 2. c4 e6 3. Nf3 f5 4. Nc3 Nf6 5. Bf4 Bd6 6. g3 O-O 7. e3 Ne4 8. Qc2 c6
9. Bd3 b6 10. Bxd6 Nxd6 11. Ne5 Bb7 12. cxd5 cxd5 13. O-O Nd7 14. Nxd7 Qxd7 15.
Rac1 Rac8 16. Qe2 Rc7 17. Rc2 Rfc8 18. Rfc1 Ne4 19. Nb1 Rxc2 20. Rxc2 Rxc2 21.
Qxc2 Bc6 22. f3 Nd6 23. Nc3 Kf7 24. b3 Bb5 25. Bxb5 Nxb5 26. Ne2 Qc7 27. Qxc7+
Nxc7 28. Nc1 Ke7 29. Kf2 Kd6 30. Nd3 Ne8 31. h3 Nf6 32. g4 fxg4 33. hxg4 Nd7 34.
g5 e5 35. f4 e4 36. Ne1 Nb8 37. f5 Nc6 38. Kg3 Nb4 39. a3 Nd3 40. Nc2 a5 41. a4
Nc1 42. Na3 Ke7 43. Nb5 Nxb3 44. Kf4 Nd2 45. Nc7 Kd6 46. f6 gxf6 47. gxf6 Nf3
48. f7 Ke7 49. Nxd5+ Kxf7 50. Kxe4 Nd2+ 51. Kd3 Nf3 52. Nxb6 h5 53. Nc4 h4 54.
Ke2 Ng5 55. Nxa5 Ne4 56. Kf3 Nc3 57. Kg4 Nxa4 58. Kxh4 Ke6 59. Kg5 Kd5 60. Kf5
Nc3 61. Nb3 Ne4 62. Kf4 Nc3 63. Kf5 Ne4 64. Nc5 Ng3+ 65. Kf6 Nf1 66. e4+ Kxd4
67. e5 Kxc5 68. e6 Ne3 69. e7 1/2-1/2

[Event "Aeroflot Open B 2015"]
[Site "Moscow RUS"]
[Date "2015.04.04"]
[Round "9.18"]
[White "Kashlinskaya, Alina"]
[Black "Golubov, Saveliy"]
[Result "1/2-1/2"]
[WhiteTitle "IM"]
[WhiteElo "2436"]
[BlackElo "2362"]
[WhiteFideId "4198026"]
[BlackFideId "24176729"]
[EventDate "2015.03.27"]

1. d4 Nf6 2. c4 g6 3. Nc3 Bg7 4. e4 d6 5. Nf3 O-O 6. h3 e5 7. d5 a5 8. Be2 Na6
9. Bg5 Nc5 10. Nd2 c6 11. O-O Bd7 12. Qc2 Qb8 13. Nb3 h6 14. Nxc5 hxg5 15. Nxd7
Nxd7 16. a3 Qc7 17. Bg4 Nb6 18. Qd3 Rfd8 19. b4 Bf8 20. Rfc1 axb4 21. axb4 Rxa1
22. Rxa1 cxd5 23. cxd5 Ra8 24. Rxa8 Nxa8 25. g3 Be7 26. Ne2 Nb6 27. Qb5 Kg7 28.
Kg2 Bd8 29. Qd3 Nc4 30. Nc3 Nb2 31. Qd2 Nc4 32. Qe2 Na3 33. Qb2 Nc4 34. Qc1 Qb6
35. Qb1 1/2-1/2

[Event "Aeroflot Open B 2015"]
[Site "Moscow RUS"]
[Date "2015.04.04"]
[Round "9.19"]
[White "Gevorgyan, David"]
[Black "Kryakvin, Dmitry"]
[Result "0-1"]
[BlackTitle "GM"]
[WhiteElo "2386"]
[BlackElo "2544"]
[WhiteFideId "13303244"]
[BlackFideId "4153278"]
[EventDate "2015.03.27"]

1. d4 d5 2. c4 dxc4 3. Nf3 Nf6 4. Nc3 a6 5. e3 e6 6. a4 c5 7. Bxc4 Nc6 8. O-O
Be7 9. Ne5 Na5 10. Bd3 Qc7 11. Ne4 c4 12. Nxf6+ gxf6 13. Nxc4 Nxc4 14. Qc2 Bd6
15. Qxc4 Bxh2+ 16. Kh1 Bd7 17. Qxc7 Bxc7 18. Bd2 f5 19. Rfc1 Bd6 20. e4 fxe4 21.
Bxe4 Rb8 22. Bg5 f5 23. Bf3 Kf7 24. g3 a5 25. Bd2 b6 26. Kg2 Rbc8 27. Bc3 Bb4
28. d5 Bxc3 29. dxe6+ Bxe6 30. Rxc3 Rxc3 31. bxc3 Rd8 32. Rb1 Rd6 33. Rh1 Kg7
34. Rd1 Rxd1 35. Bxd1 Bd5+ 36. Kf1 f4 37. Ke1 Kf6 38. Bc2 h6 39. Kd2 Ke5 40. Ke2
Bc6 41. Kd2 Bd7 42. Ke2 b5 43. axb5 Bxb5+ 44. Kf3 fxg3 45. fxg3 a4 46. Ke3 a3
47. Bb3 Bd7 48. Ba2 Be6 49. c4 Bf5 50. Kd2 Kd4 51. c5 Be4 52. g4 Kxc5 53. Kc3
Bd5 54. Bb1 a2 55. Bxa2 Bxa2 56. Kd3 Be6 0-1

[Event "Aeroflot Open B 2015"]
[Site "Moscow RUS"]
[Date "2015.04.04"]
[Round "9.20"]
[White "Hayrapetyan, Hovik"]
[Black "Kanter, Eduard"]
[Result "1-0"]
[WhiteTitle "GM"]
[BlackTitle "IM"]
[WhiteElo "2465"]
[BlackElo "2349"]
[WhiteFideId "13302639"]
[BlackFideId "4103963"]
[EventDate "2015.03.27"]

1. c4 Nf6 2. Nc3 d5 3. d4 g6 4. Nf3 Bg7 5. cxd5 Nxd5 6. e4 Nxc3 7. bxc3 c5 8.
Rb1 O-O 9. Be2 cxd4 10. cxd4 Qa5+ 11. Qd2 Qxd2+ 12. Bxd2 b6 13. d5 Nd7 14. Bb4
Nc5 15. Bxc5 Bc3+ 16. Kd1 bxc5 17. Kc2 Bg7 18. h3 Rd8 19. Bc4 Rd6 20. a4 Ba6 21.
Bb5 Rb6 22. Nd2 Bxb5 23. Rxb5 e6 24. Nc4 Rxb5 25. axb5 exd5 26. exd5 Rb8 27. Rb1
Bd4 28. f3 Rd8 29. d6 Rd7 30. Kb3 f6 31. Ka4 Bc3 32. Rc1 Bb4 33. Rc2 Kf7 34. Re2
h5 35. b6 axb6 36. Kb5 Rd8 37. Kxb6 Ra8 38. d7 Bc3 39. Kb7 1-0